[Event "20th Corsica Masters Open"]
[Site "Bastia FRA"]
[Date "2016.10.22"]
[Round "1.1"]
[White "Korobov,A"]
[Black "Skomorokhin,R"]
[Result "1-0"]
[WhiteElo "2687"]
[BlackElo "2399"]

1.d4 d5 2.c4 dxc4 3.e4 Nc6 4.Nf3 Bg4 5.Be3 Nf6 6.Nc3 e5 7.d5 Ne7 8.Bxc4 a6
9.d6 cxd6 10.Qb3 d5 11.Rd1 Bxf3 12.gxf3 Qc7 13.Qa4+ Nd7 14.Bxd5 Rd8 15.Qb3 Nxd5
16.Nxd5 Qb8 17.Rg1 h6 18.f4 g6 19.fxe5 Bg7 20.Qa3 Qxe5 21.f4  1-0

[Event "Chigorin Memorial 2016"]
[Site "St Petersburg RUS"]
[Date "2016.10.23"]
[Round "9.158"]
[White "Seregina,Maria"]
[Black "Petrov,Maksim"]
[Result "1/2-1/2"]
[WhiteElo "1797"]
[BlackElo "1367"]

1.d4 d5 2.c4 dxc4 3.e4 b5 4.a4 c6 5.b3 e5 6.bxc4 bxc4 7.Bxc4 Qxd4 8.Qxd4 exd4
9.Nf3 Bc5 10.Bb2 Nf6 11.Nbd2 Bb7 12.Bxd4 Nbd7 13.Bxc5 Nxc5 14.Ng5 O-O 15.f3 h6
16.Nh3 Rad8 17.Ke2 Rd7 18.Rhd1 Rfd8 19.Nf2 Ne8 20.e5 Re7 21.f4 Kf8 22.Nfe4 Nxe4
23.Nxe4 Red7 24.Nc5 Rxd1 25.Rxd1 Rxd1 26.Kxd1 Bc8 27.h3 Ke7 28.g4 g6 29.Ne4 f6
30.Nxf6 Nxf6 31.exf6+ Kxf6 32.Kd2 h5 33.g5+ Ke7 34.Bd3 Kf7 35.h4 Be6 36.a5 Bd5
37.Kc3 c5 38.a6 Be6 39.Bc4 Ke7 40.Bd3 Kf7 41.Bc4  1/2-1/2

[Event "1st Paytakht Cup 2016"]
[Site "Tehran IRI"]
[Date "2016.10.26"]
[Round "2.17"]
[White "Khodashenas,M"]
[Black "Khoshkalam,Seyed Mehrab"]
[Result "1-0"]
[WhiteElo "2385"]
[BlackElo "2120"]

1.d4 d5 2.c4 dxc4 3.e4 e6 4.Bxc4 c5 5.d5 e5 6.Nf3 Bd6 7.h3 Nf6 8.Nc3 a6 9.a4 b6
10.Bg5 h6 11.Be3 Nbd7 12.Nh4 g6 13.Qd2 Nh5 14.g3 Qf6 15.O-O-O Qg7 16.Qe2 Kd8
17.Nf5 gxf5 18.Qxh5 Nf6 19.Qh4 Kc7 20.f4 Kb7 21.fxe5 Bxe5 22.d6 Bd7 23.Bf4 Rae8
24.Bxe5 Rxe5 25.exf5 Bxf5 26.Rhf1 h5 27.d7 Kc7 28.g4 hxg4 29.d8=Q+ Rxd8 30.Rxd8 g3
31.Rd2  1-0

[Event "TCh-NOR Codanserien"]
[Site "Norway NOR"]
[Date "2016.10.28"]
[Round "1.5"]
[White "Machlik,Endre"]
[Black "Stigar,P"]
[Result "1-0"]
[WhiteElo "2256"]
[BlackElo "2244"]

1.d4 d5 2.c4 dxc4 3.e4 e5 4.Nf3 exd4 5.Bxc4 Nc6 6.O-O Be6 7.Bxe6 fxe6 8.Qb3 Qd7
9.Qxb7 Rb8 10.Qa6 Nf6 11.Nbd2 Bd6 12.Re1 e5 13.a3 O-O 14.Nc4 Rbe8 15.Bd2 Nh5
16.Rac1 Nd8 17.Qxa7 Qg4 18.h3 Qg6 19.Nh4 Qf6 20.Nf5 Nf7 21.Ncxd6 Nxd6 22.Rc6 Re6
23.g4 Nxf5 24.Rxe6 Qxe6 25.exf5 Qc6 26.Rxe5 Nf6 27.Qxd4 Qa8 28.Qc4+ Kh8 29.Bc3 Rd8
30.Re1 Nd5 31.Be5 Qa5 32.Rd1  1-0

[Event "TCh-AUT 2nd West 2016-17"]
[Site "Austria AUT"]
[Date "2016.10.29"]
[Round "2.3"]
[White "Pitl,G"]
[Black "Levushkina,E"]
[Result "1-0"]
[WhiteElo "2397"]
[BlackElo "2340"]

1.d4 d5 2.c4 dxc4 3.e4 Nc6 4.Nf3 Bg4 5.d5 Ne5 6.Bf4 Ng6 7.Be3 Nf6 8.Bxc4 e5
9.Nc3 a6 10.Be2 Bd6 11.Nd2 Bd7 12.O-O O-O 13.g3 Qc8 14.f3 h5 15.Bf2 Qd8 16.Nc4 h4
17.Qd3 Kh7 18.Be3 Rh8 19.g4 h3 20.Rfc1 Kg8 21.Nd1 Ne8 22.Qd2 Be7 23.Nf2 Nd6
24.a4 Nxc4 25.Rxc4 Bd6 26.Nd3 Nh4 27.f4 b5 28.Rc2 exf4 29.Bxf4 bxa4 30.e5 Bf8
31.Nf2 Bb5 32.Rd1 Ng6 33.Bg3 Rc8 34.Ne4 Qe8 35.Bxb5 axb5 36.Qd4 Qd7 37.Ng5 Qe7
38.Nf3 Rd8 39.Qe4 a3 40.Nd4 a2 41.Nc6 Qe8 42.Nxd8 Qxd8 43.b4 Qa8 44.Ra1 Ne7
45.Rd2 Rh6 46.Raxa2 Qb7 47.Ra1 Nc8 48.Rf1 Qa7+ 49.Kh1 Qa3 50.Rdf2 Qxb4 51.Qxb4 Bxb4
52.Rxf7 Nb6 53.Rxc7 Nxd5 54.Rc8+ Kh7 55.Rb1 Ra6 56.Rcc1 Ra2 57.Be1 Be7 58.Rxb5 Ne3
59.Rb3 Bg5 60.Rcb1 Bf4 61.R3b2 Rxb2 62.Rxb2 Bxe5 63.Re2 Nxg4 64.Re4 Bc3 65.Bg3 Nf6
66.Rh4+ Kg6 67.Rxh3 Ne4 68.Bh4 Be5 69.Kg2 Nf6 70.Bxf6 Bxf6 71.Ra3 Kh5 72.Kf3 Kh4
73.Kf4 Bb2 74.Rb3 Bc1+ 75.Kf5 g5 76.Rb7 Kh3 77.Rh7+ Kg2 78.Kg4 Bf4 79.h3 Bd2
80.Ra7 Be3 81.Ra3 Bf4 82.Ra2+ Kg1 83.h4  1-0

[Event "Borise Karadzica Mem 2016"]
[Site "Palic SRB"]
[Date "2016.10.30"]
[Round "2.13"]
[White "Chkhaidze,Ni"]
[Black "Nomin-Erdene,Davaademberel"]
[Result "1-0"]
[WhiteElo "2259"]
[BlackElo "2421"]

1.d4 d5 2.c4 dxc4 3.e4 e5 4.Nf3 exd4 5.Bxc4 Nc6 6.O-O a6 7.Nbd2 Bc5 8.a3 Nf6
9.b4 Ba7 10.Qb3 O-O 11.e5 Ng4 12.e6 fxe6 13.Ne4 Qe8 14.Nfg5 Nd8 15.Qg3 Nh6
16.Qxc7 Qc6 17.Qxc6 bxc6 18.Bb2 Kh8 19.Nd6 Bd7 20.Nf3 Bb8 21.Ne4 e5 22.Nc5 Bg4
23.Nd2 a5 24.Rae1 axb4 25.axb4 Nhf7 26.h3 Bf5 27.g4 Bc8 28.f4 exf4 29.Bxd4 Nd6
30.Re7 N6f7 31.Nde4 Kg8 32.Nd7 Bxd7 33.Rxd7 h6 34.g5 Kh7 35.h4 Be5 36.Bc5 Re8
37.Bxf7 Nxf7 38.Rxf7 Kg6 39.Rd7 hxg5 40.Nxg5 Ra3 41.Nf3 Bf6 42.Rd6 Rc8 43.Bd4 Rb3
44.Bxf6 gxf6 45.Rd4 Rb8 46.Rxf4 R8xb4 47.Nd4 Rb1 48.Rxf6+ Kh5 49.Nf3 Rg4+
50.Kf2 Rb2+ 51.Ke3 Rg3  1-0

[Event "Scandic Ariadne Masters"]
[Site "Stockholm SWE"]
[Date "2016.11.04"]
[Round "2.6"]
[White "Sjodahl,P"]
[Black "Wahlund,Max"]
[Result "1-0"]
[WhiteElo "2415"]
[BlackElo "2086"]

1.d4 d5 2.c4 dxc4 3.e4 Nc6 4.Nf3 Nf6 5.Nc3 Bg4 6.Be3 e6 7.Bxc4 Bb4 8.Qd3 Qe7
9.a3 Bxc3+ 10.bxc3 Na5 11.Bb5+ c6 12.Ba4 Bxf3 13.gxf3 O-O 14.h4 Nh5 15.f4 Rab8
16.Bd1 Nf6 17.h5 Rfd8 18.Bc2 Nd7 19.e5 Nf8 20.f5 exf5 21.Qxf5 Qe6 22.Qxe6 Nxe6
23.Ke2 Nc4 24.Bd3 Nxe3 25.fxe3 c5 26.Bf5 cxd4 27.cxd4 g6 28.Bg4 Nc7 29.Rac1 Nd5
30.Bf3 Nb6 31.Rc7 Rd7 32.Rhc1 gxh5 33.Rxd7 Nxd7 34.Rc7 Nf8 35.Bxh5 Ng6 36.Bf3 b5
37.Bd5 b4 38.Bxf7+ Kg7 39.axb4 Rxb4 40.Bxg6+ Kxg6 41.Rxa7 h5 42.Kf3 Rb3 43.Kf4 h4
44.Ra6+ Kg7 45.Ra1 Kh6 46.Rh1 Kh5 47.Rg1 h3 48.Rg5+  1-0

[Event "43rd ch-IND w 2016"]
[Site "Delhi IND"]
[Date "2016.11.13"]
[Round "10.3"]
[White "Pratyusha,B"]
[Black "Vijayalakshmi,S"]
[Result "0-1"]
[WhiteElo "2289"]
[BlackElo "2381"]

1.d4 d5 2.c4 dxc4 3.e4 e5 4.Nf3 exd4 5.Qxd4 Qxd4 6.Nxd4 Nf6 7.f3 Bc5 8.Nb5 Na6
9.Bxc4 c6 10.N5a3 Nb4 11.Ke2 b5 12.Bb3 a5 13.Be3 Bxe3 14.Kxe3 a4 15.Bd1 Be6
16.Nc3 O-O-O 17.Be2 Rd7 18.Rhc1 Kb7 19.Nc2 Nxc2+ 20.Rxc2 Rhd8 21.g4 Ne8 22.f4 f6
23.Rac1 Nc7 24.Nd1 Bxa2 25.Rxc6 Ne6 26.Nc3 Nd4 27.Rc5 Nxe2 28.Nxe2 Rd3+ 29.Kf2 Bc4
30.Nc3 Rd2+ 31.Kg1 Rxb2 32.Nxa4 bxa4 33.R5xc4 a3 34.R4c2 Rxc2 35.Rxc2 Ra8
36.Ra2 Kc6 37.Kf2 Kc5 38.Ke3 Kc4 39.e5 fxe5 40.fxe5 Kb3 41.Ra1 Ra4  0-1

[Event "TCh-HUN 2016-17"]
[Site "Hungary HUN"]
[Date "2016.11.13"]
[Round "2.8"]
[White "Bakos,B"]
[Black "Varga,Zo"]
[Result "1/2-1/2"]
[WhiteElo "2412"]
[BlackElo "2411"]

1.d4 d5 2.c4 dxc4 3.e4 Nf6 4.e5 Nd5 5.Bxc4 Nb6 6.Bb3 Nc6 7.Nf3 Bf5 8.Nc3 e6
9.O-O Be7 10.Be3 Nb4 11.a3 N4d5 12.Qd2 O-O 13.Rac1 c6 14.Bg5 Nxc3 15.Rxc3 Bxg5
16.Nxg5 Qd7 17.Rg3 Rfd8 18.Nf3 Qe7 19.Bc2 Bg6 20.Rc1 Rd5 21.h4 Rad8 22.Bxg6 fxg6
23.b4 Nd7 24.Qf4 a5 25.Qg4 axb4 26.axb4 Nf8 27.Rc5 h6 28.Qe4 Ra8 29.Qb1 Ra4
30.Rg4 Qd8 31.Qb3 Qa8 32.Rf4 Ra3 33.Qc2 Ra1+ 34.Kh2 Ra2 35.Qc4 Rxf2 36.b5 Qa2
37.Qxa2 Rxa2 38.bxc6 Rxc5 39.dxc5 bxc6 40.Nd4 g5 41.hxg5 hxg5 42.Rf1 Nd7  1/2-1/2

[Event "ch-TUR 2016"]
[Site "Gebze TUR"]
[Date "2016.11.18"]
[Round "1.6"]
[White "Atalik,E"]
[Black "Koksal,E"]
[Result "0-1"]
[WhiteElo "2414"]
[BlackElo "2271"]

1.d4 d5 2.c4 dxc4 3.e4 Nf6 4.e5 Nd5 5.Bxc4 Nb6 6.Bd3 Nc6 7.Ne2 Bg4 8.f3 Be6
9.Nbc3 Qd7 10.Ne4 Bd5 11.Nc5 Qc8 12.Be3 e6 13.Qc1 Nb4 14.Bb1 Bc4 15.Ng3 Bb5
16.a4 Bc6 17.O-O a5 18.Bf2 N6d5 19.Nge4 b6 20.Nd3 Qd7 21.Nxb4 Nxb4 22.Nc3 Be7
23.Rd1 Nd5 24.Be4 Rc8 25.Qc2 h6 26.Nxd5 Bxd5 27.Qe2 Rb8 28.Rac1 c6 29.Rc2 O-O
30.Rdc1 Bg5 31.Rb1 b5 32.h4 Be7 33.axb5 Rxb5 34.Rcc1 Rfb8 35.Bc2 h5 36.Qd3 g6
37.Ba4 Rxb2 38.Rxb2 Rxb2 39.Qc3 Rb4 40.Bc2 Qd8 41.g3 Qb6 42.Ra1 Rc4 43.Qb3 Qb4
44.Qxb4 Bxb4 45.Bd3 Rc3 46.Be4 Kf8 47.Kg2 Ke7 48.Be1 Bxe4 49.fxe4 Rd3 50.Bf2 Kd7
51.Kf1 Ra3 52.Rb1 Kc7 53.Ke2 Ra2+ 54.Kf3 Rc2 55.Ke3 Kb6 56.Be1 Kb5 57.Bxb4 axb4
58.Rf1 Rc3+ 59.Kd2 Kc4 60.Rxf7 Kxd4 61.Rf6 Kxe5 62.Rxg6 c5 63.Rg5+ Kd4 64.Rg6 e5  0-1

[Event "UT Dallas Fall Open 2016"]
[Site "Dallas USA"]
[Date "2016.11.20"]
[Round "4.16"]
[White "Belous,V"]
[Black "Ishhanov,T"]
[Result "1-0"]
[WhiteElo "2583"]
[BlackElo "2273"]

1.d4 d5 2.c4 dxc4 3.e4 Nf6 4.e5 Nd5 5.Bxc4 Nb6 6.Bd3 Nc6 7.Ne2 Bg4 8.f3 Bh5
9.Nbc3 e6 10.Be3 Nb4 11.Be4 N4d5 12.Bf2 f5 13.exf6 gxf6 14.O-O Qd7 15.Bxd5 Nxd5
16.Nxd5 exd5 17.Nf4 Bf7 18.Re1+ Be7 19.Qe2 Kd8 20.Nd3 Re8 21.Qd2 b6 22.Bg3 Kc8
23.Rac1 Bd6 24.Rxe8+ Bxe8 25.Bxd6 Qxd6 26.Qf4 Kd8 27.Qxd6+ cxd6 28.Nf4 Bf7
29.Kf2 Rc8 30.Rxc8+ Kxc8 31.Kg3 Kd7 32.Kg4 Ke7 33.Kf5 Bg8 34.h4 Bf7 35.g4 Bg8
36.g5 fxg5 37.hxg5 Bf7 38.g6 hxg6+ 39.Nxg6+  1-0

[Event "St Louis Autumn IM 2016"]
[Site "Saint Louis USA"]
[Date "2016.11.21"]
[Round "8.5"]
[White "Kavutskiy,K"]
[Black "Homa,S"]
[Result "1-0"]
[WhiteElo "2344"]
[BlackElo "2329"]

1.d4 d5 2.c4 dxc4 3.e4 Nc6 4.Nf3 Bg4 5.Be3 Nf6 6.Nc3 e6 7.Bxc4 Bb4 8.Qd3 Bxf3
9.gxf3 O-O 10.a3 Ba5 11.Rg1 Nh5 12.Rg5 g6 13.O-O-O Bb6 14.e5 Ne7 15.Rxh5 gxh5
16.Bg5 Qd7 17.Bf6 Rfd8 18.Qe3 Qe8 19.Qh6 Qf8 20.Rg1+ Ng6 21.Rxg6+ fxg6 22.Bxe6+ Qf7
23.Qg7+  1-0

[Event "TCh-ROU Superliga 2016"]
[Site "Calimanesti-Caciulata ROU"]
[Date "2016.11.22"]
[Round "4.4"]
[White "Danilov,V"]
[Black "Georgescu,T"]
[Result "1/2-1/2"]
[WhiteElo "2389"]
[BlackElo "2460"]

1.d4 d5 2.c4 dxc4 3.e4 b5 4.a4 c6 5.axb5 cxb5 6.Nc3 a6 7.Nxb5 axb5 8.Rxa8 Bb7
9.Ra1 e6 10.Nf3 Nf6 11.Be2 Nxe4 12.O-O Nc6 13.b3 Nc3 14.Qc2 Nxe2+ 15.Qxe2 Qd5
16.bxc4 bxc4 17.Rd1 Bb4 18.Ba3 O-O 19.Bxb4 Nxb4 20.Qd2 Nd3 21.Ra5 Qe4 22.Qe3 Rc8
23.Qxe4 Bxe4 24.Ne5 c3 25.Nxd3 c2 26.Rc1 Bxd3 27.f3 h6 28.Kf2 g5 29.d5 exd5
30.Rxd5 Bg6 31.Ke3 Rc4 32.Rd4 Rc3+ 33.Kd2 Rc5 34.h4 gxh4 35.Rxh4 h5 36.Rd4 Rg5
37.Rg1 Rc5 38.f4 Kg7 39.Rd6 Rb5 40.Rc1  1/2-1/2

[Event "Rapid GP Russia Final"]
[Site "Khanty-Mansiysk RUS"]
[Date "2016.12.03"]
[Round "12.6"]
[White "Jakovenko,D"]
[Black "Demidov,M"]
[Result "1-0"]
[WhiteElo "2704"]
[BlackElo "2536"]

1.d4 d5 2.c4 dxc4 3.e4 Nf6 4.e5 Nd5 5.Bxc4 Nb6 6.Bd3 Nc6 7.Ne2 Nb4 8.Be4 f5
9.exf6 exf6 10.Nbc3 f5 11.Bf3 Bd6 12.a3 Nc6 13.Qb3 Bd7 14.O-O Qf6 15.Nb5 Qf7
16.Qxf7+ Kxf7 17.Nxd6+ cxd6 18.Bf4 d5 19.Bc7 Be6 20.Rfe1 Rhe8 21.Rad1 Rac8
22.Bxb6 axb6 23.Nf4 Rcd8 24.Re3 Kf6 25.h4 Re7 26.Rb3 h6 27.h5 Bf7 28.Rxb6 Red7
29.b4 Ke7 30.a4 Kf8 31.a5 Ra8 32.Rb5 Rad8 33.Rb6 Ra8 34.Kh2 Kg8 35.Be2 Rc7
36.Bf3 Rd7 37.Kg3 Kf8 38.Nd3 Re7 39.Nc5 Ra7 40.a6 Nd8 41.b5 Be8 42.Bxd5 bxa6
43.bxa6 Bxh5 44.Rdb1 f4+ 45.Kxf4 Re2 46.Rb8 Ke7 47.Kg3 Rd2 48.Re1+ Re2 49.Rxe2+ Bxe2
50.Rb7+  1-0

[Event "8th Penang Open 2016"]
[Site "Penang MAS"]
[Date "2016.12.09"]
[Round "8.40"]
[White "Pereira,Joh"]
[Black "Sim,Jia Ru"]
[Result "0-1"]
[WhiteElo "1721"]
[BlackElo "1569"]

1.d4 d5 2.c4 dxc4 3.e4 c5 4.Bxc4 cxd4 5.Nf3 e5 6.Qa4+ Bd7 7.Qb3 Qe7 8.Qxb7 Qb4+
9.Qxb4 Bxb4+ 10.Nbd2 f6 11.a3 Bd6 12.b4 Ne7 13.Nb3 a6 14.Bd2 Bc6 15.Bd3 f5
16.Ng5 h6 17.Ne6 fxe4 18.Bb1 Bd5 19.Nbc5 Kf7 20.O-O Bxe6 21.Nxe6 Kxe6 22.Bxe4 Ra7
23.a4 Nd7 24.Rfc1 Rb8 25.Rcb1 Nd5 26.g4 Nxb4 27.a5 Nd5 28.Rxb8 Bxb8 29.Rc1 Rc7
30.Rxc7 Bxc7 31.Bd3 Nc5 32.Bc4 Kd6 33.g5 hxg5 34.Bxg5 Bxa5 35.h4 d3  0-1

[Event "26th TCh-SLO 2016"]
[Site "Slovenia SLO"]
[Date "2016.12.10"]
[Round "8.3"]
[White "Tomazini,A"]
[Black "Mazi,L"]
[Result "0-1"]
[WhiteElo "2377"]
[BlackElo "2357"]

1.d4 d5 2.c4 dxc4 3.e4 Nf6 4.e5 Nd5 5.Bxc4 Nb6 6.Bd3 Nc6 7.Be3 Nb4 8.Be4 f5
9.a3 N4d5 10.Bf3 e6 11.Nc3 Be7 12.Nge2 c6 13.Nxd5 Nxd5 14.Nf4 O-O 15.Nxd5 cxd5
16.O-O Bd7 17.Qd2 Rc8 18.Rac1 Rxc1 19.Rxc1 f4 20.Bxf4 Rxf4 21.Bxd5 Rf8  0-1

[Event "TCh-SLO Div 1 West 2016"]
[Site "Slovenia SLO"]
[Date "2016.12.10"]
[Round "8"]
[White "Lenic,L"]
[Black "Mestek,I"]
[Result "1-0"]
[WhiteElo "2643"]
[BlackElo "2143"]

1.d4 d5 2.c4 dxc4 3.e4 e5 4.Nf3 exd4 5.Bxc4 Nc6 6.O-O Be6 7.Bb5 Bc5 8.b4 Bb6
9.a4 a6 10.Bxc6+ bxc6 11.Bb2 Nf6 12.a5 Ba7 13.Bxd4 O-O 14.Nc3 Qe7 15.Bxa7 Rxa7
16.Ne5 Qxb4 17.Nxc6 Qxc3 18.Rc1 Qa3 19.Nxa7 Qxa5 20.Nc6 Qb6 21.Qc2 Bb3 22.Ne7+ Kh8
23.Qxc7 Qxc7 24.Rxc7 Nxe4 25.Ra1 g6 26.Rxa6 Kg7 27.Rc8 Be6 28.Rxf8 Kxf8 29.Nc6 Nc5
30.Ra8+ Kg7 31.Nd4 Kf6 32.Nxe6 Nxe6 33.Kf1 Kg7 34.Ra7 Nf4 35.Ra4 Ne6 36.Ke2 Kf6
37.Ke3 Nc7 38.Rc4 Ne6 39.Rb4 h6 40.Rb7 h5 41.h4 Ng7 42.Rb6+ Ke5 43.Rb5+ Kf6
44.Ke4 Ne6 45.Rb6 Ke7 46.Rb7+ Kf6 47.Rb5 Ng7 48.Rb6+ Ne6 49.Ra6 Ke7 50.Ra5 Kf6
51.Rb5 Ng7 52.Rb6+ Ne6 53.Rc6 Ke7 54.Ke5 f6+ 55.Ke4 Kd7 56.Rb6 Ke7 57.Rb7+ Kd6
58.Rb6+ Ke7 59.g3 Kd7 60.Kd5 Nc7+ 61.Kd4 Ne6+ 62.Ke4 Ke7 63.Kd5 Nc7+ 64.Kc6 Ne8
65.Kc5 Kd7 66.Ra6 Ke7 67.Rc6 Kd7 68.Kd5 Ke7 69.Re6+  1-0

[Event "Golden Cleopatra Open"]
[Site "Cairo EGY"]
[Date "2016.12.17"]
[Round "6.4"]
[White "Hesham,A"]
[Black "Abdel Moniem,M"]
[Result "1-0"]
[WhiteElo "2408"]
[BlackElo "2154"]

1.d4 d5 2.c4 dxc4 3.e4 Nf6 4.e5 Nd5 5.Bxc4 e6 6.Nc3 Nxc3 7.bxc3 Nd7 8.Qg4 c5
9.Nf3 cxd4 10.cxd4 b5 11.Bd3 Bb7 12.O-O h5 13.Qg3 h4 14.Qh3 a6 15.Ng5 Nb6
16.Nxe6 Bxg2 17.Qxg2 fxe6 18.Qb7 Be7 19.Bg6+ Kf8 20.Qf3+ Bf6 21.exf6 gxf6
22.Ba3+ Kg7 23.Be4 f5 24.Bxa8 Nxa8 25.d5 Rg8 26.dxe6 Nb6 27.Kh1 Nc4 28.Rg1+ Kf6
29.Qc3+ Kxe6 30.Rae1+ Kf7 31.Re7+  1-0

[Event "Dutch League 2016-17"]
[Site "Netherlands NED"]
[Date "2016.12.17"]
[Round "5.4"]
[White "Michiels,B"]
[Black "Kunin,V"]
[Result "1-0"]
[WhiteElo "2524"]
[BlackElo "2595"]

1.d4 d5 2.c4 dxc4 3.e4 e5 4.Nf3 exd4 5.Bxc4 Nc6 6.O-O Be6 7.Bxe6 fxe6 8.Qb3 Qd7
9.Qxb7 Rb8 10.Qa6 Nf6 11.Nbd2 Bd6 12.b3 O-O 13.Bb2 Bf4 14.g3 Bh6 15.Ba3 Rfd8
16.Rac1 Rb6 17.Qa4 d3 18.Rc4 Bxd2 19.Nxd2 Ne5 20.Qxd7 Rxd7 21.Rc5 Ra6 22.Rxe5 Rxa3
23.Ra1 Ra6 24.Rc5 Ne8 25.f3 Nd6 26.a4 Nb7 27.Rc3 c5 28.Kf2 e5 29.Nc4 d2 30.Rd1 Rh6
31.Nxe5 Rxh2+ 32.Kg1 Re2 33.Kf1 Re1+ 34.Rxe1 dxe1=B 35.Kxe1 Rd6 36.Ke2 Kf8
37.Nd3 Ke7 38.Nxc5 Rc6 39.b4 a5 40.Rb3 Nd6 41.Kd3 axb4 42.Kd4 Rb6 43.Kd5 Nc8
44.a5 Rb5 45.a6 Kd8 46.e5 Kc7 47.Kc4 Kc6 48.Nd3 Nb6+ 49.Kd4 Nd5 50.a7 Ra5
51.Nxb4+ Nxb4 52.Rxb4 Rxa7 53.Ke4 Kd7 54.f4 Ke7 55.f5 h6 56.Kf4 Rc7 57.Ra4 Rb7
58.Kg4 Rb5 59.Ra7+ Kf8 60.e6 Re5 61.Ra8+ Ke7 62.Ra7+ Kf8 63.Ra8+ Ke7 64.Rg8 g5
65.Rg7+ Kf8 66.Rf7+ Kg8 67.Kh5  1-0

[Event "Dutch League 2016-17"]
[Site "Netherlands NED"]
[Date "2016.12.17"]
[Round "5.6"]
[White "Balje,J"]
[Black "Reichardt,Robin"]
[Result "1-0"]
[WhiteElo "2230"]
[BlackElo "1873"]

1.d4 d5 2.c4 dxc4 3.e4 c5 4.d5 Nf6 5.Nc3 b5 6.Bf4 Qa5 7.a4 Nxe4 8.Ne2 Nd6
9.axb5 Qb6 10.Ng3 Nd7 11.Qe2 Nf6 12.Nge4 Nfxe4 13.Nxe4 e6 14.dxe6 Nxe4 15.exf7+ Kxf7
16.Qxe4 Be7 17.Bxc4+ Be6 18.Ra6 Bxc4 19.Qxc4+ Ke8 20.Rxb6 axb6 21.O-O  1-0

[Event "76th ch-ITA Blitz 3rd TB"]
[Site "Rome ITA"]
[Date "2016.12.18"]
[Round "2"]
[White "Basso,Pier Luigi"]
[Black "Godena,M"]
[Result "0-1"]
[WhiteElo "2417"]
[BlackElo "2519"]

1.d4 d5 2.c4 dxc4 3.e4 e5 4.Nf3 exd4 5.Bxc4 Bb4+ 6.Bd2 Bxd2+ 7.Nbxd2 Nc6
8.O-O Nf6 9.e5 Nh5 10.Nb3 Nf4 11.Nbxd4 Nxd4 12.Qxd4 Qxd4 13.Nxd4 Ke7 14.g3 Nh3+
15.Kg2 Ng5 16.Rfd1 Bh3+ 17.Kh1 Rhd8 18.f4 Ne4 19.Kg1 Bg4 20.Be2 Bxe2 21.Nxe2 c5
22.Kg2 f6 23.exf6+ Kxf6 24.g4 Nd2 25.Nc3 Nc4 26.Ne4+ Ke7 27.Kf3 b6 28.b3 Nb2
29.Rxd8 Rxd8 30.Rb1 Rd3+ 31.Ke2 Rd4 32.Nf2 Rxf4 33.Rxb2 h5 34.h3 a5 35.Ke3 Rb4
36.Nd3 Rd4 37.Rg2 a4 38.gxh5 Kf6 39.Rg6+ Kf7 40.Rxb6 axb3 41.axb3 Rh4 42.Ne5+ Kg8
43.Rb8+ Kh7 44.Nf3 Rxh3 45.Kf4 Rxh5 46.Ng5+ Kh6 47.Nf7+ Kg6 48.Ne5+ Kf6 49.Nd7+ Ke6
50.Nb6 Rh4+ 51.Kg5 Rb4 52.Re8+ Kf7 53.Re3 Rxb6  0-1

[Event "177th MGU Open 2016"]
[Site "Sofia BUL"]
[Date "2016.12.18"]
[Round "6.4"]
[White "Ruschukov,Boyan"]
[Black "Tsintsarski,B"]
[Result "1-0"]
[WhiteElo "1861"]
[BlackElo "1708"]

1.d4 d5 2.c4 dxc4 3.e4 c5 4.Nf3 Bg4 5.Bxc4 cxd4 6.Bxf7+ Kxf7 7.Ng5+ Ke8 8.Qxg4 e5
9.Qe6+ Qe7 10.Qc8+ Qd8 11.Qxd8+ Kxd8 12.Nf7+ Ke8 13.Nxh8 Nf6 14.O-O Nc6 15.f3 Bc5
16.g4 Ke7 17.Ng6+ hxg6 18.Bg5 d3+ 19.Kg2 Nd4 20.Nc3 Nc2 21.Rad1 Be3 22.Nd5+  1-0

[Event "13th Vandoeuvre Open 2016"]
[Site "Vandoeuvre les Nancy FRA"]
[Date "2016.12.19"]
[Round "6.3"]
[White "Baron,Ta"]
[Black "Terrieux,K"]
[Result "1-0"]
[WhiteElo "2536"]
[BlackElo "2437"]

1.d4 d5 2.c4 dxc4 3.e4 Nc6 4.Nf3 Bg4 5.d5 Ne5 6.Bf4 Ng6 7.Be3 Nf6 8.Bxc4 e5
9.Nbd2 a6 10.O-O Bd6 11.Bd3 Nh5 12.Re1 O-O 13.h3 Bd7 14.Nc4 Nhf4 15.Bf1 f5
16.Bxf4 Nxf4 17.Nfxe5 fxe4 18.Nxd6 cxd6 19.Nxd7 Qxd7 20.Rxe4 Rae8 21.Qd4 Rxe4
22.Qxe4 Qf5 23.Qxf5 Rxf5 24.g3 Nxd5 25.Rd1 Kf8 26.Bg2 Nf6 27.Rxd6 Rb5 28.Rd2 Ke7
29.Kf1 Ra5 30.b3 Rb5 31.Ke2 a5 32.Kd3 Nd7 33.Re2+ Kd6 34.Re8 a4 35.Kc3 Rc5+
36.Kb2 axb3 37.axb3 b6 38.b4 Rc4 39.Kb3 Rc1 40.Re2 g5 41.Rd2+ Ke7 42.Ka4 Nf6
43.Kb5 Rb1 44.Bc6 h5 45.Rd4 Rb2 46.f3 Rg2 47.g4 Rg3 48.Kxb6 Rxh3 49.b5 hxg4
50.fxg4 Rb3 51.Kc7 Rc3 52.Rd8 Nxg4 53.Rd5 Ke6 54.Rd6+ Ke7 55.Rd5 Ke6 56.Rxg5 Ne5
57.Rh5 Rc1 58.Rh6+ Ke7 59.b6 Nf7 60.Rh7 Kf6 61.b7 Ne5 62.Rh6+  1-0

[Event "7th Arco Christmas Open"]
[Site "Arco ITA"]
[Date "2016.12.27"]
[Round "3.7"]
[White "Loiacono,Leonardo"]
[Black "Lumachi,Gabriele"]
[Result "1-0"]
[WhiteElo "2119"]
[BlackElo "1707"]

1.d4 d5 2.c4 dxc4 3.e4 e5 4.d5 Bd6 5.Bxc4 f5 6.exf5 Bxf5 7.Nf3 Nf6 8.Nc3 O-O
9.Ng5 Qe7 10.Ne6 Bxe6 11.dxe6 Kh8 12.Qb3 c6 13.a4 Ng4 14.f3 Nf6 15.Bg5 a5
16.O-O-O Na6 17.Ne4 Rad8 18.Nxd6 Rxd6 19.Rxd6 Qxd6 20.Rd1 Qc5 21.Be3 Qe7
22.Qb6 Qb4 23.Qxb4 Nxb4 24.e7 Re8 25.Rd8 Nbd5 26.Bxd5 cxd5 27.Bg5 Kg8 28.Bxf6 Kf7
29.Rxe8 Kxe8 30.Bxe5 g6 31.Bd6 Kd7 32.Kd2  1-0

[Event "46th Rilton Cup 2016-17"]
[Site "Stockholm SWE"]
[Date "2016.12.27"]
[Round "1.24"]
[White "Pranav,Anand"]
[Black "Westerberg,J"]
[Result "0-1"]
[WhiteElo "2230"]
[BlackElo "2483"]

1.d4 d5 2.c4 dxc4 3.e4 Nf6 4.e5 Nd5 5.Bxc4 Nb6 6.Bb3 Nc6 7.Nf3 Bf5 8.Nc3 e6
9.O-O Qd7 10.Be3 O-O-O 11.Qe2 Nb4 12.Rfd1 N4d5 13.Nh4 Bg6 14.Nxg6 hxg6 15.Rac1 Be7
16.Ne4 Kb8 17.Nc5 Qc8 18.a4 Nxe3 19.fxe3 Nd5 20.a5 a6 21.Qf3 Rhf8 22.e4 Bxc5
23.Rxc5 Ne7 24.Qc3 Qd7 25.Rc4 f5 26.exf6 gxf6 27.Qg3 Qd6 28.Qc3 c6 29.Qc2 e5
30.dxe5 Qxe5 31.Qc3 Rxd1+ 32.Bxd1 Rd8 33.Qxe5+ fxe5  0-1

[Event "13th Schachtuerken Cup"]
[Site "Paderborn GER"]
[Date "2016.12.28"]
[Round "4.1"]
[White "Landa,K"]
[Black "Levin,F"]
[Result "1/2-1/2"]
[WhiteElo "2612"]
[BlackElo "2530"]

1.d4 d5 2.c4 dxc4 3.e4 Nc6 4.Nf3 Bg4 5.d5 Ne5 6.Nc3 Nf6 7.h3 Bxf3 8.gxf3 e6
9.f4 Nd3+ 10.Bxd3 cxd3 11.dxe6 fxe6 12.Qb3 Qd7 13.Qxb7 Rd8 14.Be3 a5 15.a3 Be7
16.O-O-O O-O 17.Rd2 Nh5 18.Rhd1 Rb8 19.Qa7 Ra8 20.Qb7 Rab8 21.Qa7 Ra8  1/2-1/2

[Event "46th Rilton Cup 2016-17"]
[Site "Stockholm SWE"]
[Date "2016.12.28"]
[Round "2.14"]
[White "Swapnil,SD"]
[Black "Gulamali,K"]
[Result "1-0"]
[WhiteElo "2526"]
[BlackElo "2341"]

1.d4 d5 2.c4 dxc4 3.e4 b5 4.a4 c6 5.Nc3 a6 6.axb5 cxb5 7.Nxb5 axb5 8.Rxa8 Bb7
9.Ra1 e6 10.f3 Nc6 11.Be3 Bb4+ 12.Kf2 Nge7 13.b3 Bc3 14.bxc4 f5 15.d5 f4
16.Bc5 Bb4 17.Bxb4 Nxb4 18.c5 exd5 19.Bxb5+ Kf7 20.Qd2  1-0

[Event "World Blitz Women 2016"]
[Site "Doha QAT"]
[Date "2016.12.29"]
[Round "3.14"]
[White "Ushenina,A"]
[Black "Geldyeva,M"]
[Result "1-0"]
[WhiteElo "2459"]
[BlackElo "2220"]

1.d4 d5 2.c4 dxc4 3.e4 e5 4.Nf3 exd4 5.Bxc4 Bb4+ 6.Nbd2 Nc6 7.O-O Nge7 8.Nb3 Bg4
9.Bxf7+ Kxf7 10.Ng5+ Ke8 11.Qxg4 Qd7 12.Ne6 g6 13.Bf4 Bd6 14.Bxd6 Qxd6 15.Rad1 Ne5
16.Qh3 N7c6 17.Nexd4 Nxd4 18.Rxd4 Qe7 19.f4 Nc6 20.Rd2 Rd8 21.Rxd8+ Nxd8
22.e5 Qe6 23.Qc3 Qb6+ 24.Kh1 Rf8 25.Nc5 Qb5 26.Kg1 b6 27.Ne4 Qc6 28.Nf6+ Kf7
29.Nxh7 Rh8 30.Ng5+ Ke7 31.Qb4+ Kd7 32.Rd1+ Kc8 33.Qd4 Nb7 34.Qf2 Qa4 35.Re1 Qxa2
36.e6 Nd6 37.Qd4 Rf8 38.Rc1 Kb7 39.h3 Nf5 40.Qe4+ Kb8 41.Qc6 Rc8 42.Nf7 Nd4
43.Qe4 Qxe6 44.Ne5 Qd6 45.Kh2 g5 46.Qxd4 Qxd4 47.Nc6+ Kb7 48.Nxd4 gxf4 49.Ne6 f3
50.gxf3 c5 51.h4 Re8 52.Re1 Rg8 53.Kh3 a5 54.Ng5 b5 55.Kg4 b4 56.h5 a4 57.h6 Kb6
58.h7 Rh8 59.Rh1 c4 60.Nf7 Rxh7 61.Rxh7 a3 62.bxa3 b3 63.Rh8 Kb7 64.Nd6+ Kc6
65.Nxc4  1-0

[Event "World Blitz Women 2016"]
[Site "Doha QAT"]
[Date "2016.12.29"]
[Round "5.12"]
[White "Zhu Chen"]
[Black "Ushenina,A"]
[Result "1-0"]
[WhiteElo "2419"]
[BlackElo "2459"]

1.d4 d5 2.c4 dxc4 3.e4 Nf6 4.e5 Nd5 5.Bxc4 Nb6 6.Bb3 Nc6 7.Ne2 Bg4 8.f3 Bf5
9.Nbc3 e6 10.O-O Be7 11.Be3 Na5 12.Bc2 Bg6 13.b3 Nc6 14.Be4 Qd7 15.a4 a5
16.Rc1 Nd5 17.Nxd5 exd5 18.Bd3 Nb4 19.Bxg6 hxg6 20.Qd2 c6 21.Rcd1 Qf5 22.Ng3 Qc2
23.Qxc2 Nxc2 24.Bf2 Bg5 25.Rd3 Nb4 26.Rdd1 f6 27.Ne2 f5 28.f4 Be7 29.Nc1 Kf7
30.Nd3 Nxd3 31.Rxd3 Ke6 32.Rc1 g5 33.fxg5 Bxg5 34.Rc2 Be7 35.h3 g5 36.Kf1 f4
37.Ke2 Kf5 38.Kf3 Rag8 39.Be1 Bd8 40.Re2 Rg6 41.Rc3 Bb6 42.Rd3 Rhg8 43.g4+ Ke6
44.Rh2 c5 45.dxc5 Bxc5 46.Bxa5 Kxe5 47.Re2+ Kd6 48.Red2 d4 49.Bc3 Rh6 50.Bxd4 Rxh3+
51.Kg2 Rxd3 52.Rxd3 Bxd4 53.Rxd4+ Kc5 54.Rc4+ Kd6 55.Rb4 Kc6 56.Rb5 b6 57.Kf3 Rg6
58.Rf5 Kb7 59.b4 Ka6 60.Rf7 Re6 61.Rf5 Re3+ 62.Kf2 Re4 63.b5+ Ka5 64.Rxg5 Rxa4
65.Rf5 Rc4 66.g5 Rc7 67.Kf3 Rc4 68.Kg4 Rc1 69.Kxf4 Rg1 70.Re5 Kb4 71.Kf5 Kc4
72.Kf6 Kd4 73.Rf5 Ke4 74.g6 Rg2 75.Rg5 Rf2+ 76.Ke7 Kf4 77.g7 Re2+ 78.Kf7 Kxg5
79.g8=Q+ Kf4 80.Qb8+ Kf3 81.Qb7+ Kf2 82.Qxb6+  1-0